[Event "FIDE World Cup 2025"]
[Site "Goa, India"]
[Date "2025.11.03"]
[Round "6.3"]
[White "Lalit, Babu M R"]
[Black "Warmerdam, Max"]
[Result "1-0"]
[TimeControl ": 90 minutes for the first 40 moves, followed by 30 minutes for the rest of the gamewith an increment of 30 seconds per move starting from move 1"]
[WhiteFideId "5024595"]
[BlackFideId "1048104"]
[WhiteElo "2502"]
[BlackElo "2582"]

1. d4 {[%clk 00:10:18]} {[%emt 00:00:02]} d5 {[%clk 00:10:19]} {[%emt
00:00:01]} 2. Bg5 {[%clk 00:10:26]} {[%emt 00:00:02]} c5 {[%clk 00:10:17]}
{[%emt 00:00:11]} 3. e3 {[%clk 00:10:15]} {[%emt 00:00:22]} Nc6 {[%clk
00:10:00]} {[%emt 00:00:27]} 4. Bb5 {[%clk 00:09:49]} {[%emt 00:00:36]} h6
{[%clk 00:09:43]} {[%emt 00:00:27]} 5. Bh4 {[%clk 00:09:33]} {[%emt 00:00:26]}
cxd4 {[%clk 00:09:38]} {[%emt 00:00:16]} 6. exd4 {[%clk 00:09:41]} {[%emt
00:00:02]} Nf6 {[%clk 00:09:41]} {[%emt 00:00:06]} 7. Nf3 {[%clk 00:08:43]}
{[%emt 00:01:09]} Bg4 {[%clk 00:09:16]} {[%emt 00:00:34]} 8. O-O {[%clk
00:08:29]} {[%emt 00:00:24]} e6 {[%clk 00:09:23]} {[%emt 00:00:03]} 9. Nbd2
{[%clk 00:07:49]} {[%emt 00:00:50]} a6 {[%clk 00:08:49]} {[%emt 00:00:46]} 10.
Bxc6+ {[%clk 00:07:55]} {[%emt 00:00:04]} bxc6 {[%clk 00:08:57]} 11. c4 {[%clk
00:08:03]} {[%emt 00:00:02]} dxc4 {[%clk 00:07:12]} {[%emt 00:01:55]} 12. Qa4
{[%clk 00:07:51]} {[%emt 00:00:22]} Bxf3 {[%clk 00:07:20]} {[%emt 00:00:02]} 13.
Nxf3 {[%clk 00:08:00]} {[%emt 00:00:02]} Qd5 {[%clk 00:07:28]} {[%emt
00:00:02]} 14. Rac1 {[%clk 00:07:59]} {[%emt 00:00:10]} Qb5 {[%clk 00:05:51]}
{[%emt 00:01:48]} 15. Qxc4 {[%clk 00:07:58]} {[%emt 00:00:09]} Bd6 {[%clk
00:04:13]} {[%emt 00:01:48]} 16. Qxc6+ {[%clk 00:07:21]} {[%emt 00:00:48]} Qxc6
{[%clk 00:04:20]} {[%emt 00:00:03]} 17. Rxc6 {[%clk 00:07:29]} {[%emt
00:00:03]} Kd7 {[%clk 00:04:27]} {[%emt 00:00:03]} 18. Rfc1 {[%clk 00:07:14]}
{[%emt 00:00:25]} Nd5 {[%clk 00:04:34]} {[%emt 00:00:02]} 19. Bg3 {[%clk
00:05:15]} {[%emt 00:02:09]} Bxg3 {[%clk 00:04:42]} {[%emt 00:00:02]} 20. hxg3
{[%clk 00:05:24]} Rhb8 {[%clk 00:04:50]} {[%emt 00:00:02]} 21. R6c2 {[%clk
00:05:19]} {[%emt 00:00:15]} a5 {[%clk 00:04:47]} {[%emt 00:00:14]} 22. Ne5+
{[%clk 00:04:00]} {[%emt 00:01:29]} Ke8 {[%clk 00:04:56]} 23. Kf1 {[%clk
00:03:20]} {[%emt 00:00:50]} f6 {[%clk 00:04:04]} {[%emt 00:01:03]} 24. Nf3
{[%clk 00:03:20]} {[%emt 00:00:10]} Rb7 {[%clk 00:03:44]} {[%emt 00:00:30]} 25.
a3 {[%clk 00:02:56]} {[%emt 00:00:33]} Rab8 {[%clk 00:02:08]} {[%emt 00:01:46]}
26. Rc8+ {[%clk 00:03:03]} {[%emt 00:00:03]} Rxc8 {[%clk 00:02:13]} {[%emt
00:00:05]} 27. Rxc8+ {[%clk 00:03:12]} Ke7 {[%clk 00:02:16]} {[%emt 00:00:07]}
28. Rc2 {[%clk 00:03:21]} {[%emt 00:00:01]} Nb6 {[%clk 00:02:11]} {[%emt
00:00:16]} 29. b3 {[%clk 00:02:19]} {[%emt 00:01:11]} Nd5 {[%clk 00:01:36]}
{[%emt 00:00:45]} 30. Nd2 {[%clk 00:02:25]} {[%emt 00:00:04]} Nc7 {[%clk
00:01:11]} {[%emt 00:00:34]} 31. a4 {[%clk 00:02:30]} {[%emt 00:00:05]} Nd5
{[%clk 00:00:37]} {[%emt 00:00:44]} 32. Rc5 {[%clk 00:02:24]} {[%emt 00:00:16]}
Rb4 {[%clk 00:00:46]} {[%emt 00:00:02]} 33. Rc4 {[%emt 00:01:20]} Rb8 {[%clk
00:00:40]} {[%emt 00:00:01]} 34. Ke2 {[%clk 00:01:33]} {[%emt 00:00:05]} Kd7
{[%clk 00:00:33]} {[%emt 00:00:17]} 35. Rc5 {[%clk 00:01:19]} {[%emt 00:00:25]}
Ne7 {[%clk 00:00:36]} {[%emt 00:00:06]} 36. Kd3 {[%clk 00:01:14]} {[%emt
00:00:16]} Nc6 {[%clk 00:00:39]} {[%emt 00:00:07]} 37. Kc3 {[%clk 00:01:20]}
{[%emt 00:00:03]} Ra8 {[%clk 00:00:41]} {[%emt 00:00:08]} 38. Nc4 {[%clk
00:01:23]} {[%emt 00:00:07]} Ra6 {[%clk 00:00:47]} {[%emt 00:00:04]} 39. g4
{[%clk 00:01:25]} {[%emt 00:00:09]} Kc7 {[%clk 00:00:53]} {[%emt 00:00:03]} 40.
d5 {[%clk 00:00:55]} {[%emt 00:00:40]} exd5 {[%clk 00:01:02]} {[%emt 00:00:01]}
41. Rxd5 {[%clk 00:01:04]} {[%emt 00:00:01]} Ra8 {[%clk 00:01:06]} {[%emt
00:00:05]} 42. Rc5 {[%clk 00:01:04]} {[%emt 00:00:10]} Kb7 {[%clk 00:01:12]}
{[%emt 00:00:03]} 43. f3 {[%clk 00:01:09]} {[%emt 00:00:06]} Kc7 {[%clk
00:01:17]} {[%emt 00:00:05]} 44. Kd3 {[%clk 00:01:11]} {[%emt 00:00:08]} Kb7
{[%clk 00:01:18]} {[%emt 00:00:09]} 45. Ke3 {[%clk 00:01:01]} {[%emt 00:00:21]}
Re8+ {[%clk 00:00:51]} {[%emt 00:00:36]} 46. Kd3 {[%clk 00:01:01]} {[%emt
00:00:09]} Rd8+ {[%clk 00:00:57]} {[%emt 00:00:05]} 47. Ke4 {[%clk 00:01:07]}
{[%emt 00:00:04]} Re8+ {[%clk 00:00:22]} {[%emt 00:00:45]} 48. Kd5 {[%clk
00:00:53]} {[%emt 00:00:23]} Nb4+ {[%clk 00:00:23]} {[%emt 00:00:10]} 49. Kd6
{[%clk 00:01:02]} Re2 {[%clk 00:00:29]} {[%emt 00:00:05]} 50. Rb5+ {[%clk
00:01:03]} {[%emt 00:00:08]} 1-0

[Event "FIDE World Cup 2025"]
[Site "Goa, India"]
[Date "2025.11.03"]
[Round "6.4"]
[White "Oro, Faustino"]
[Black "Brkic, Ante"]
[Result "1/2-1/2"]
[TimeControl ": 90 minutes for the first 40 moves, followed by 30 minutes for the rest of the gamewith an increment of 30 seconds per move starting from move 1"]
[WhiteFideId "20000197"]
[BlackFideId "14506688"]
[WhiteElo "2509"]
[BlackElo "2578"]

1. d4 {[%clk 00:10:19]} Nf6 {[%clk 00:10:20]} {[%emt 00:00:01]} 2. Nf3 {[%clk
00:10:29]} d5 {[%clk 00:10:29]} {[%emt 00:00:01]} 3. e3 {[%clk 00:10:38]}
{[%emt 00:00:01]} e6 {[%clk 00:10:38]} 4. Bd3 {[%clk 00:10:40]} {[%emt
00:00:07]} b6 {[%clk 00:10:48]} {[%emt 00:00:02]} 5. O-O {[%clk 00:10:39]}
{[%emt 00:00:11]} Bb7 {[%clk 00:10:56]} {[%emt 00:00:01]} 6. b3 {[%clk
00:10:44]} {[%emt 00:00:05]} Nbd7 {[%clk 00:11:03]} {[%emt 00:00:03]} 7. Bb2
{[%clk 00:10:53]} {[%emt 00:00:02]} Bd6 {[%clk 00:11:07]} {[%emt 00:00:05]} 8.
Qe2 {[%clk 00:10:52]} {[%emt 00:00:11]} a5 {[%clk 00:11:11]} {[%emt 00:00:06]}
9. Nc3 {[%clk 00:10:15]} {[%emt 00:00:46]} Ne4 {[%clk 00:10:49]} {[%emt
00:00:33]} 10. Nb5 {[%clk 00:10:16]} {[%emt 00:00:08]} Be7 {[%clk 00:10:48]}
{[%emt 00:00:11]} 11. c4 {[%clk 00:10:16]} {[%emt 00:00:10]} O-O {[%clk
00:09:26]} {[%emt 00:01:33]} 12. Qc2 {[%clk 00:10:12]} {[%emt 00:00:13]} Rc8
{[%clk 00:07:53]} {[%emt 00:01:44]} 13. cxd5 {[%clk 00:10:05]} {[%emt
00:00:17]} exd5 {[%clk 00:08:01]} {[%emt 00:00:02]} 14. Na7 {[%emt 00:00:06]}
Ra8 {[%clk 00:08:06]} 15. Nc6 {[%clk 00:10:22]} {[%emt 00:00:01]} Bxc6 {[%clk
00:08:10]} {[%emt 00:00:06]} 16. Qxc6 {[%clk 00:10:30]} {[%emt 00:00:02]} Ndf6
{[%clk 00:08:08]} {[%emt 00:00:11]} 17. Rac1 {[%clk 00:09:25]} {[%emt
00:01:15]} Bd6 {[%clk 00:07:52]} {[%emt 00:00:27]} 18. a4 {[%clk 00:09:11]}
{[%emt 00:00:24]} Qe7 {[%clk 00:07:31]} {[%emt 00:00:30]} 19. Rc2 {[%clk
00:08:39]} {[%emt 00:00:43]} Rad8 {[%clk 00:05:17]} {[%emt 00:02:23]} 20. Ne5
{[%clk 00:08:25]} {[%emt 00:00:25]} g6 {[%clk 00:02:22]} {[%emt 00:03:06]} 21.
h3 {[%clk 00:08:16]} {[%emt 00:00:18]} h5 {[%clk 00:02:04]} {[%emt 00:00:28]}
22. Rfc1 {[%clk 00:08:08]} {[%emt 00:00:17]} h4 {[%clk 00:01:48]} {[%emt
00:00:26]} 23. f3 {[%clk 00:05:07]} {[%emt 00:03:11]} Ng3 {[%clk 00:01:50]}
{[%emt 00:00:08]} 24. f4 {[%clk 00:05:08]} {[%emt 00:00:09]} Qe6 {[%clk
00:01:50]} {[%emt 00:00:11]} 25. Qb5 {[%clk 00:03:31]} {[%emt 00:01:46]} Kg7
{[%clk 00:01:33]} {[%emt 00:00:28]} 26. Rc6 {[%clk 00:03:35]} {[%emt 00:00:05]}
Nfe4 {[%clk 00:01:24]} {[%emt 00:00:18]} 27. Ba3 {[%clk 00:03:04]} {[%emt
00:00:42]} Nf5 {[%clk 00:01:01]} {[%emt 00:00:33]} 28. Bxe4 {[%clk 00:02:54]}
{[%emt 00:00:20]} dxe4 {[%clk 00:01:10]} 29. Ng4 {[%clk 00:02:51]} {[%emt
00:00:14]} Qd7 {[%clk 00:00:30]} {[%emt 00:00:52]} 30. Bxd6 {[%clk 00:01:39]}
{[%emt 00:01:19]} cxd6 {[%clk 00:00:39]} {[%emt 00:00:01]} 31. d5 {[%clk
00:01:42]} {[%emt 00:00:06]} Ne7 {[%clk 00:00:23]} {[%emt 00:00:26]} 32. Qxb6
{[%clk 00:01:14]} {[%emt 00:00:38]} Nxc6 {[%clk 00:00:21]} {[%emt 00:00:12]} 33.
dxc6 {[%clk 00:01:24]} Qe6 {[%clk 00:00:28]} {[%emt 00:00:03]} 34. c7 {[%clk
00:01:20]} {[%emt 00:00:14]} Rc8 {[%clk 00:00:37]} 35. Rc6 {[%clk 00:01:29]}
{[%emt 00:00:02]} Qe7 {[%clk 00:00:17]} {[%emt 00:00:30]} 36. Qxa5 {[%emt
00:00:17]} f5 {[%clk 00:00:19]} 37. Nf2 {[%clk 00:01:12]} {[%emt 00:00:28]} Rf7
{[%clk 00:00:25]} {[%emt 00:00:04]} 38. Qc3+ {[%clk 00:00:25]} {[%emt
00:00:58]} Kh7 {[%clk 00:00:34]} 39. b4 {[%clk 00:00:34]} {[%emt 00:00:02]}
Rxc7 {[%clk 00:00:41]} {[%emt 00:00:02]} 40. b5 {[%clk 00:00:43]} Qd7 {[%clk
00:00:19]} {[%emt 00:00:32]} 41. Rxc7 {[%clk 00:00:17]} {[%emt 00:00:37]} Qxc7
{[%clk 00:00:28]} {[%emt 00:00:01]} 42. Qd4 {[%clk 00:00:24]} {[%emt 00:00:02]}
Qa5 {[%clk 00:00:30]} {[%emt 00:00:08]} 43. Qd1 {[%clk 00:00:19]} {[%emt
00:00:16]} Ra7 {[%clk 00:00:34]} {[%emt 00:00:06]} 44. Kh2 {[%clk 00:00:16]}
{[%emt 00:00:13]} Qxa4 {[%clk 00:00:39]} {[%emt 00:00:05]} 45. Qxd6 {[%clk
00:00:24]} {[%emt 00:00:02]} Qxb5 {[%clk 00:00:39]} {[%emt 00:00:10]} 46. Qd8
{[%clk 00:00:12]} {[%emt 00:00:21]} Qe2 {[%clk 00:00:32]} {[%emt 00:00:17]} 47.
Qxh4+ {[%clk 00:00:21]} Kg7 {[%clk 00:00:42]} {[%emt 00:00:01]} 48. Qg3 {[%clk
00:00:23]} {[%emt 00:00:07]} Ra2 {[%clk 00:00:22]} {[%emt 00:00:30]} 49. Nh1
{[%clk 00:00:21]} {[%emt 00:00:12]} Qb2 {[%clk 00:00:23]} {[%emt 00:00:10]} 50.
h4 {[%clk 00:00:20]} {[%emt 00:00:10]} Ra8 {[%clk 00:00:19]} {[%emt 00:00:18]}
51. Nf2 {[%clk 00:00:18]} {[%emt 00:00:10]} Qe2 {[%clk 00:00:17]} {[%emt
00:00:10]} 52. Nh3 {[%clk 00:00:14]} {[%emt 00:00:14]} Rf8 {[%clk 00:00:14]}
{[%emt 00:00:13]} 53. Ng5 {[%clk 00:00:15]} {[%emt 00:00:10]} Rh8 {[%clk
00:00:21]} {[%emt 00:00:06]} 54. Ne6+ {[%clk 00:00:13]} {[%emt 00:00:09]} Kf7
{[%clk 00:00:25]} {[%emt 00:00:05]} 55. Ng5+ {[%clk 00:00:23]} {[%emt
00:00:01]} Kf6 {[%clk 00:00:32]} {[%emt 00:00:02]} 56. Nh3 {[%clk 00:00:25]}
{[%emt 00:00:07]} Rh5 {[%clk 00:00:27]} {[%emt 00:00:16]} 57. Kh1 {[%clk
00:00:27]} {[%emt 00:00:09]} Qd1+ {[%clk 00:00:28]} {[%emt 00:00:09]} 58. Kh2
{[%clk 00:00:36]} Qe2 {[%clk 00:00:37]} 59. Kh1 {[%clk 00:00:45]} Kg7 {[%clk
00:00:21]} {[%emt 00:00:26]} 60. Kh2 {[%clk 00:00:38]} {[%emt 00:00:17]} Kf7
{[%clk 00:00:24]} {[%emt 00:00:07]} 61. Ng5+ {[%clk 00:00:47]} {[%emt
00:00:01]} Kf6 {[%clk 00:00:33]} 62. Nh3 {[%clk 00:00:54]} {[%emt 00:00:01]}
Kg7 {[%clk 00:00:34]} {[%emt 00:00:12]} 63. Ng5 {[%clk 00:00:47]} {[%emt
00:00:16]} Rh8 {[%clk 00:00:36]} {[%emt 00:00:07]} 64. Ne6+ {[%clk 00:00:34]}
{[%emt 00:00:23]} Kf7 {[%clk 00:00:39]} {[%emt 00:00:08]} 65. Ng5+ {[%clk
00:00:43]} {[%emt 00:00:02]} Ke7 {[%clk 00:00:32]} {[%emt 00:00:15]} 66. Nh3
{[%clk 00:00:48]} {[%emt 00:00:06]} Qh5 {[%clk 00:00:27]} {[%emt 00:00:15]} 67.
Kg1 {[%clk 00:00:46]} {[%emt 00:00:11]} Qd1+ {[%clk 00:00:35]} {[%emt
00:00:03]} 68. Kh2 {[%clk 00:00:55]} Qh5 {[%clk 00:00:44]} {[%emt 00:00:01]} 69.
Kg1 {[%clk 00:01:04]} {[%emt 00:00:01]} Rd8 {[%clk 00:00:30]} {[%emt 00:00:23]}
70. Kh2 {[%clk 00:00:58]} {[%emt 00:00:17]} Rd2 {[%clk 00:00:31]} {[%emt
00:00:09]} 71. Ng5 {[%clk 00:00:20]} {[%emt 00:00:48]} Re2 {[%clk 00:00:30]}
{[%emt 00:00:11]} 72. Kh3 {[%clk 00:00:12]} {[%emt 00:00:18]} Kf6 {[%clk
00:00:21]} {[%emt 00:00:19]} 73. Kh2 {[%clk 00:00:18]} {[%emt 00:00:03]} Ke7
{[%clk 00:00:27]} {[%emt 00:00:04]} 74. Kh3 {[%clk 00:00:24]} {[%emt 00:00:04]}
Kf6 {[%clk 00:00:11]} {[%emt 00:00:26]} 75. Kh2 {[%clk 00:00:30]} {[%emt
00:00:04]} Kg7 {[%clk 00:00:13]} {[%emt 00:00:09]} 76. Ne6+ {[%clk 00:00:27]}
{[%emt 00:00:14]} Kh6 {[%clk 00:00:14]} {[%emt 00:00:08]} 77. Ng5 {[%clk
00:00:21]} {[%emt 00:00:16]} Rd2 {[%clk 00:00:13]} {[%emt 00:00:12]} 78. Nf7+
{[%clk 00:00:28]} {[%emt 00:00:03]} Kg7 {[%clk 00:00:21]} {[%emt 00:00:01]} 79.
Ne5 {[%clk 00:00:38]} Re2 {[%clk 00:00:20]} {[%emt 00:00:10]} 80. Kh3 {[%clk
00:00:42]} {[%emt 00:00:05]} Kf6 {[%clk 00:00:12]} {[%emt 00:00:18]} 81. Nd7+
{[%clk 00:00:48]} {[%emt 00:00:03]} Ke7 {[%clk 00:00:19]} {[%emt 00:00:03]} 82.
Ne5 {[%clk 00:00:57]} {[%emt 00:00:02]} Kf6 {[%clk 00:00:26]} {[%emt 00:00:04]}
83. Nd7+ {[%clk 00:01:05]} {[%emt 00:00:01]} Kg7 {[%clk 00:00:30]} {[%emt
00:00:05]} 84. Ne5 {[%clk 00:01:14]} {[%emt 00:00:01]} Kf6 {[%clk 00:00:17]}
{[%emt 00:00:24]} 1/2-1/2

[Event "FIDE World Cup 2025"]
[Site "Goa, India"]
[Date "2025.11.03"]
[Round "6.5"]
[White "Bartel, Mateusz"]
[Black "Aronyak, Ghosh"]
[Result "0-1"]
[TimeControl ": 90 minutes for the first 40 moves, followed by 30 minutes for the rest of the gamewith an increment of 30 seconds per move starting from move 1"]
[WhiteFideId "1112635"]
[BlackFideId "25072846"]
[WhiteElo "2575"]
[BlackElo "2514"]

1. e4 {[%clk 00:10:19]} c6 {[%clk 00:10:19]} {[%emt 00:00:02]} 2. d4 {[%clk
00:10:27]} d5 {[%clk 00:10:27]} {[%emt 00:00:02]} 3. f3 {[%clk 00:10:36]}
{[%emt 00:00:01]} e6 {[%clk 00:10:33]} {[%emt 00:00:04]} 4. Nc3 {[%clk
00:10:44]} {[%emt 00:00:01]} Nd7 {[%clk 00:10:42]} {[%emt 00:00:01]} 5. a3
{[%clk 00:10:45]} {[%emt 00:00:10]} b5 {[%clk 00:10:26]} {[%emt 00:00:26]} 6.
Be2 {[%clk 00:10:53]} {[%emt 00:00:01]} b4 {[%clk 00:10:12]} {[%emt 00:00:23]}
7. axb4 {[%clk 00:11:02]} {[%emt 00:00:01]} Bxb4 {[%clk 00:10:21]} {[%emt
00:00:02]} 8. Nh3 {[%clk 00:11:11]} {[%emt 00:00:01]} Ne7 {[%clk 00:10:20]}
{[%emt 00:00:10]} 9. O-O {[%emt 00:00:14]} O-O {[%clk 00:10:24]} {[%emt
00:00:01]} 10. Na4 {[%clk 00:11:09]} {[%emt 00:00:13]} Ng6 {[%clk 00:08:23]}
{[%emt 00:02:11]} 11. e5 {[%clk 00:10:42]} {[%emt 00:00:37]} Be7 {[%clk
00:08:14]} {[%emt 00:00:19]} 12. f4 {[%clk 00:10:34]} {[%emt 00:00:18]} c5
{[%clk 00:08:18]} {[%emt 00:00:06]} 13. c3 {[%clk 00:09:59]} {[%emt 00:00:45]}
cxd4 {[%clk 00:08:12]} {[%emt 00:00:15]} 14. cxd4 {[%clk 00:10:08]} {[%emt
00:00:02]} a5 {[%clk 00:07:11]} {[%emt 00:01:12]} 15. Be3 {[%clk 00:08:41]}
{[%emt 00:01:36]} Ba6 {[%clk 00:07:00]} {[%emt 00:00:20]} 16. f5 {[%clk
00:07:57]} {[%emt 00:00:54]} exf5 {[%clk 00:06:44]} {[%emt 00:00:26]} 17. Rxf5
{[%clk 00:08:06]} {[%emt 00:00:02]} Nb6 {[%clk 00:06:39]} {[%emt 00:00:15]} 18.
Bxa6 {[%clk 00:07:27]} {[%emt 00:00:48]} Rxa6 {[%clk 00:06:47]} {[%emt
00:00:02]} 19. Nc3 {[%clk 00:06:34]} {[%emt 00:01:04]} Qd7 {[%clk 00:06:42]}
{[%emt 00:00:15]} 20. Qf3 {[%clk 00:06:27]} {[%emt 00:00:16]} Nh4 {[%clk
00:06:42]} {[%emt 00:00:10]} 0-1

[Event "FIDE World Cup 2025"]
[Site "Goa, India"]
[Date "2025.11.03"]
[Round "6.6"]
[White "Nogerbek, Kazybek"]
[Black "Raja, Rithvik R"]
[Result "0-1"]
[TimeControl ": 90 minutes for the first 40 moves, followed by 30 minutes for the rest of the gamewith an increment of 30 seconds per move starting from move 1"]
[WhiteFideId "13710427"]
[BlackFideId "35007394"]
[WhiteElo "2543"]
[BlackElo "2541"]

1. d4 {[%clk 00:10:19]} Nf6 {[%clk 00:10:18]} {[%emt 00:00:02]} 2. c4 {[%clk
00:10:28]} e6 {[%clk 00:10:28]} {[%emt 00:00:01]} 3. Nf3 {[%clk 00:10:37]} d5
{[%clk 00:10:36]} {[%emt 00:00:02]} 4. Nc3 {[%clk 00:10:45]} c6 {[%clk
00:10:45]} {[%emt 00:00:03]} 5. Bg5 {[%clk 00:10:19]} {[%emt 00:00:36]} dxc4
{[%clk 00:10:16]} {[%emt 00:00:40]} 6. e4 {[%clk 00:10:27]} {[%emt 00:00:01]}
b5 {[%clk 00:10:21]} {[%emt 00:00:04]} 7. e5 {[%clk 00:10:36]} {[%emt
00:00:01]} h6 {[%clk 00:10:30]} {[%emt 00:00:02]} 8. Bh4 {[%clk 00:10:45]} g5
{[%clk 00:10:39]} {[%emt 00:00:06]} 9. Nxg5 {[%clk 00:10:54]} hxg5 {[%clk
00:10:48]} 10. Bxg5 {[%clk 00:11:03]} Be7 {[%clk 00:10:58]} 11. exf6 {[%clk
00:11:10]} {[%emt 00:00:03]} Bxf6 {[%clk 00:11:06]} {[%emt 00:00:01]} 12. Bxf6
{[%clk 00:11:11]} {[%emt 00:00:09]} Qxf6 {[%clk 00:11:14]} 13. Be2 {[%clk
00:10:35]} {[%emt 00:00:46]} Rh4 {[%clk 00:09:34]} {[%emt 00:01:51]} 14. Nxb5
{[%clk 00:08:26]} {[%emt 00:02:18]} cxb5 {[%clk 00:07:08]} {[%emt 00:02:37]} 15.
Bf3 {[%clk 00:08:35]} e5 {[%clk 00:05:34]} {[%emt 00:01:44]} 16. Bxa8 {[%clk
00:08:36]} {[%emt 00:00:09]} exd4 {[%clk 00:05:42]} {[%emt 00:00:02]} 17. O-O
{[%clk 00:07:38]} {[%emt 00:01:08]} Be6 {[%clk 00:05:39]} {[%emt 00:00:15]} 18.
Qd2 {[%clk 00:06:52]} {[%emt 00:00:56]} Nd7 {[%clk 00:02:56]} {[%emt 00:02:53]}
19. Rae1 {[%clk 00:06:07]} {[%emt 00:00:55]} Rh5 {[%clk 00:02:43]} {[%emt
00:00:24]} 20. f4 {[%clk 00:05:49]} {[%emt 00:00:28]} Kf8 {[%clk 00:02:33]}
{[%emt 00:00:20]} 21. Bf3 {[%clk 00:05:30]} {[%emt 00:00:29]} Rc5 {[%clk
00:02:42]} {[%emt 00:00:01]} 22. Be4 {[%clk 00:04:50]} {[%emt 00:00:51]} d3
{[%clk 00:02:42]} {[%emt 00:00:09]} 23. f5 {[%clk 00:04:36]} {[%emt 00:00:23]}
Bd5 {[%clk 00:02:21]} {[%emt 00:00:32]} 24. b4 {[%clk 00:03:42]} {[%emt
00:01:04]} Bxe4 {[%clk 00:00:18]} {[%emt 00:02:12]} 25. bxc5 {[%clk 00:03:40]}
{[%emt 00:00:13]} Nxc5 {[%clk 00:00:26]} {[%emt 00:00:02]} 26. Qe3 {[%clk
00:02:54]} {[%emt 00:00:56]} Qe5 {[%clk 00:00:35]} {[%emt 00:00:01]} 27. Qh6+
{[%clk 00:01:37]} {[%emt 00:01:27]} Ke7 {[%clk 00:00:34]} {[%emt 00:00:10]} 28.
f6+ {[%clk 00:01:21]} {[%emt 00:00:27]} Kd7 {[%clk 00:00:28]} {[%emt 00:00:15]}
29. Qf8 {[%clk 00:01:25]} {[%emt 00:00:06]} Qd4+ {[%clk 00:00:20]} {[%emt
00:00:18]} 30. Kh1 {[%clk 00:00:54]} {[%emt 00:00:41]} Qd5 {[%clk 00:00:29]}
{[%emt 00:00:01]} 31. Qe7+ {[%clk 00:00:23]} {[%emt 00:00:45]} Kc6 {[%clk
00:00:37]} 32. Rxe4 {[%clk 00:00:12]} {[%emt 00:00:20]} Nxe4 {[%clk 00:00:39]}
{[%emt 00:00:08]} 33. Qxa7 {[%clk 00:00:21]} {[%emt 00:00:01]} c3 {[%clk
00:00:15]} {[%emt 00:00:34]} 34. Qa8+ {[%clk 00:00:13]} {[%emt 00:00:18]} Kc5
{[%clk 00:00:23]} {[%emt 00:00:02]} 35. Qa7+ {[%clk 00:00:12]} {[%emt
00:00:11]} Kc4 {[%clk 00:00:27]} {[%emt 00:00:06]} 36. Qc7+ {[%clk 00:00:19]}
{[%emt 00:00:03]} Kd4 {[%clk 00:00:20]} {[%emt 00:00:16]} 37. Qb6+ {[%clk
00:00:14]} {[%emt 00:00:16]} Qc5 {[%clk 00:00:26]} {[%emt 00:00:04]} 38. Qd8+
{[%clk 00:00:13]} {[%emt 00:00:10]} Qd6 {[%clk 00:00:30]} {[%emt 00:00:06]} 39.
Qe7 {[%clk 00:00:12]} {[%emt 00:00:12]} d2 {[%clk 00:00:33]} {[%emt 00:00:07]}
40. Qxf7 {[%clk 00:00:11]} {[%emt 00:00:11]} c2 {[%clk 00:00:27]} {[%emt
00:00:16]} 41. Qa7+ {[%clk 00:00:20]} {[%emt 00:00:02]} Nc5 {[%clk 00:00:25]}
{[%emt 00:00:11]} 42. Qa3 {[%clk 00:00:11]} {[%emt 00:00:18]} d1=Q {[%emt
00:00:13]} 43. Qb4+ {[%clk 00:00:19]} {[%emt 00:00:02]} Kd5 {[%clk 00:00:29]}
{[%emt 00:00:03]} 44. Qxb5 {[%clk 00:00:24]} {[%emt 00:00:05]} 0-1


[ePGN "0.1;DGT LiveChess/2.2.6"]